000 00368nam a2200157Ia 4500
003 LK-CoDNM
008 010623t1984 xxu||||| |||| 00| 1 eng d
040 _aLK-CoDNM
_dLK-CoDNM
_eLK-CoDNM
041 _aeng
080 _a77(4)
245 _aFotozgodbe- Foto price-Photo stories
260 _b
_c1984
300 _b306, 26 cm
650 _aPhotography
942 _cBK
999 _c112408
_d112408